MFG/PRO: systém řízení výroby

Informačný systém MFG/PRO od firmy qad.inc je kompletný software, ktorý umožňuje zachytiť a modelovať všetky transakcie a úkony v rámci výrobného podniku - od plánovania, cez samotnú výrobu a distribúciu až po servis a finančné operácie. Moduly systému: bázový, plánovania, výroby, distribúcie, finan...

Descrizione completa

Salvato in:
Dettagli Bibliografici
Autore principale: Vaněk, P.
Natura: Capitolo di libro
Lingua:ceco
Soggetti:
Tags: Aggiungi Tag
Nessun Tag, puoi essere il primo ad aggiungerne!!

MARC

LEADER 00000naa a2200000 4500
001 r016412
005 20221213082448.0
041 0 |a cze 
044 |a CZ 
245 1 0 |a MFG/PRO: systém řízení výroby  |c P. Vaněk 
520 |a Informačný systém MFG/PRO od firmy qad.inc je kompletný software, ktorý umožňuje zachytiť a modelovať všetky transakcie a úkony v rámci výrobného podniku - od plánovania, cez samotnú výrobu a distribúciu až po servis a finančné operácie. Moduly systému: bázový, plánovania, výroby, distribúcie, financií. 
610 2 0 |a systémy informačné 
610 2 0 |a MFG/PRO 
610 2 0 |a softvér 
610 2 0 |a riadenie výroby 
610 2 0 |a plánovanie 
610 2 0 |a výroba 
610 2 0 |a distribúcia 
610 2 0 |a financie 
100 1 |a Vaněk, P.